000 00862cab a2200253 4500
001 WB3302-13
008 090401t1997 xxu||||| |||| 00| 0 eng d
035 _a(Sirsi) u19436
041 _aeng
245 _aEdinburgh shopping centre
260 _c1997
350 _a0
490 _aFinancial Times
_v10 January 1997, 15(1)
520 _aMarks and Spencer is buying the Gyle shopping centre in Edinburgh. The company has stressed the purchase does not signal a change to its policy on property investment.
650 _aEDINBURGH
650 _aGYLE SHOPPING CENTRE
650 _aINVESTMENT PROPERTY
650 _aMARKS AND SPENCER
650 _aSHOPPING CENTRES
690 _aPROPERTY-COMMERCIAL PROPERTY-COMMERCIAL PROPERTY FINANCE AND INVESTMENT
690 _aPROPERTY-COMMERCIAL PROPERTY-RETAIL PROPERTY
942 _n0
948 _c04/03/1997
999 _c12973
_d12973